| 000 | 00926nam a22002653a 4500 | ||
|---|---|---|---|
| 005 | 20251205063956.0 | ||
| 008 | 010530s2000 es r 000 0 spa d | ||
| 020 | _a8487118569 | ||
| 035 | _aUPN01000107104 | ||
| 049 | _aCG | ||
| 050 | 4 |
_aLB1027.28 _bP6.2 2000 |
|
| 100 | 1 |
_aPorlán Ariza, Rafael, _d1953- _929580 |
|
| 245 | 1 | 3 |
_aEl diario del profesor : _bun recurso para la investigación en el aula / _cRafael Porlán, José Martín. |
| 250 | _a8a ed. | ||
| 260 |
_aSevilla, Esp. : _bDíada, _c2000. |
||
| 300 | _a86 p. | ||
| 440 | 0 |
_aInvestigación y enseñanza. _pPráctica ; _v6 |
|
| 590 | _a(También localizas un ejemplar en el "Area de Reserva") | ||
| 590 | _aBibliografía Básica (BGTQ) | ||
| 650 | 2 |
_aMétodos de enseñanza _95706 |
|
| 650 | 4 |
_aEnseñanza _vMateriales auxiliares _xInvestigación _921521 |
|
| 650 | 4 |
_aEducación _xInvestigación _94070 |
|
| 700 | 1 |
_aMartín, José, _ecoaut. |
|
| 905 | _aLibro | ||
| 999 |
_c81016 _d81016 |
||